Mapa mundial sin 40 países aleatorios - Estadísticas

Estadísticas generales
  • Esta prueba ha sido intentada 128.906 veces
    128.905 desde el último reinicio
  • La puntuación promedio es 25 de 40
Respuestas en el mapa
Las respuestas están codificadas por una escala verde-roja en el mapa de la prueba según el % correcto abajo.
 
Estadísticas de respuestas
País % Correcto
Canadá
99%
Estados Unidos
99%
México
98%
Argentina
97%
Brasil
97%
Colombia
96%
Francia
96%
Rusia
96%
Bolivia
94%
China
94%
España
94%
Paraguay
93%
Alemania
91%
Venezuela
91%
Argelia
90%
Egipto
90%
Perú
90%
Mongolia
89%
Panamá
89%
Polonia
88%
Ucrania
88%
Libia
87%
Kazajistán
86%
Italia
85%
República Democrática del Congo
85%
Bielorrusia
84%
Sudán
84%
Nicaragua
83%
Sudáfrica
83%
Arabia Saudita
82%
India
82%
Suiza
82%
Turquía
82%
Austria
81%
Costa Rica
81%
Ecuador
81%
Níger
81%
Suecia
81%
Australia
80%
Chad
80%
Chile
79%
Guatemala
79%
Malí
79%
República Checa
79%
Uruguay
78%
Etiopía
77%
Mauritania
77%
Rumania
77%
Irán
76%
Portugal
76%
Finlandia
75%
Guyana
75%
Hungría
75%
Nigeria
75%
Pakistán
75%
Indonesia
74%
Marruecos
74%
Eslovaquia
73%
Reino Unido
73%
Sudán del Sur
73%
Afganistán
72%
Angola
72%
República Centroafricana
72%
Honduras
71%
Nepal
71%
Kenia
70%
Namibia
70%
Noruega
70%
Tanzania
70%
República del Congo
69%
Botsuana
68%
Camerún
68%
Senegal
68%
Serbia
68%
Ghana
67%
Irak
67%
Croacia
66%
Mozambique
66%
Surinam
66%
Japón
65%
Uzbekistán
65%
Zambia
65%
Bélgica
64%
Burkina Faso
64%
Costa de Marfil
64%
Benín
63%
Bulgaria
63%
Dinamarca
63%
Guinea
63%
Moldavia
63%
Togo
63%
Zimbabue
63%
Lituania
61%
Yemen
61%
Turkmenistán
60%
Uganda
60%
Bosnia y Herzegovina
59%
Grecia
59%
Kirguistán
59%
Túnez
59%
Eslovenia
57%
Myanmar
57%
Omán
57%
Cuba
56%
Lesoto
56%
Tailandia
56%
Gabón
55%
Tayikistán
55%
Laos
54%
Macedonia del Norte
54%
Corea del Norte
53%
Corea del Sur
53%
Haití
53%
Bután
52%
Letonia
52%
Nueva Zelanda
52%
República Dominicana
52%
Irlanda
51%
Kosovo
51%
Madagascar
50%
Jordania
49%
Países Bajos
49%
Sierra Leona
49%
Armenia
48%
Georgia
48%
Malaui
48%
Siria
48%
Somalia
48%
Azerbaiyán
47%
Eritrea
47%
Bangladés
46%
Liberia
46%
Montenegro
46%
Papúa Nueva Guinea
46%
Ruanda
46%
Vietnam
46%
Estonia
45%
El Salvador
44%
Islandia
44%
Guinea-Bissau
43%
Sri Lanka
43%
Bahamas
42%
Camboya
42%
Filipinas
42%
Malasia
41%
Albania
40%
Jamaica
40%
Esuatini
39%
Belice
38%
Burundi
38%
Guinea Ecuatorial
38%
Taiwán
38%
Comoras
37%
Estados Federados de Micronesia
37%
Seychelles
37%
Kiribati
36%
Mauricio
36%
Cabo Verde
35%
Gambia
34%
Maldivas
34%
Santo Tomé y Príncipe
34%
Malta
31%
Chipre
30%
Emiratos Árabes Unidos
30%
Israel
30%
Fiyi
27%
Islas Salomón
27%
Nauru
27%
Palaos
27%
Tuvalu
26%
Yibuti
26%
Catar
25%
Islas Marshall
25%
Vanuatu
25%
Kuwait
24%
Samoa
24%
Tonga
24%
Líbano
21%
No se encontraron pruebas coincidentes
Distribución de puntuación
Porcentaje de gente con cada puntuación
Porcentaje por número respondido
Historial de tus puntuaciones
No has intentado esta prueba desde el último reinicio